Detalles MARC
| 000 -LEADER |
| fixed length control field |
01500nam a2200277 a 4500 |
| 001 - CONTROL NUMBER |
| control field |
|
| 003 - CONTROL NUMBER IDENTIFIER |
| control field |
OSt |
| 005 - DATE AND TIME OF LATEST TRANSACTION |
| control field |
20220923131806.0 |
| 008 - FIXED-LENGTH DATA ELEMENTS--GENERAL INFORMATION |
| fixed length control field |
130823s2005 dr 000 0 spa d |
| 040 ## - CATALOGING SOURCE |
| Original cataloging agency |
DO-SdBNP |
| Language of cataloging |
spa |
| Transcribing agency |
BPMSU |
| 082 ## - DEWEY DECIMAL CLASSIFICATION NUMBER |
| Classification number |
RD863.5 |
| Item number |
B742L 2005 |
| Edition number |
22 |
| 100 1# - MAIN ENTRY--PERSONAL NAME |
| Personal name |
León, Luis, de |
| 245 10 - TITLE STATEMENT |
| Title |
Valores en los cuentos de Juan Bosch / |
| Statement of responsibility, etc. |
Luis de León, prólogo Alejandrina Germán. |
| 260 ## - PUBLICATION, DISTRIBUTION, ETC. (IMPRINT) |
| Place of publication, distribution, etc. |
Santo Domingo : |
| Name of publisher, distributor, etc. |
Piña y Asociados |
| Date of publication, distribution, etc. |
2005. |
| 300 ## - PHYSICAL DESCRIPTION |
| Extent |
120 p ; |
| Dimensions |
22 cm. |
| 500 ## - GENERAL NOTE |
| General note |
Incluye datos biográficos del autor en la contracubierta |
| 505 0# - FORMATTED CONTENTS NOTE |
| Formatted contents note |
Prólogo -- |
| Title |
Introducción -- |
| -- |
Hospitalidad, el recuerdo de lo bello y otros valores en los cuentos de ambiente extranjero -- |
| -- |
Valores en los cuentos de realismo mágico -- |
| -- |
La mancha indeleble, un cuento de ética política -- |
| -- |
Solidaridad, dignidad, nobleza y otros valores en los cuentos de animales -- |
| -- |
El honor como valor en los cuentos criollos -- |
| -- |
El valor de la mujer y el amor del padre en los cuentos -- |
| -- |
Cuentos sobre gratitud y la amistad -- |
| -- |
Cuentos de perdón, coraje y libertad -- |
| -- |
Cuentos de navidad, un reflejo de amor y bondad -- |
| -- |
Anexos : |
| -- |
Tres cuentos de Juan Bosch |
| -- |
El socio -- |
| -- |
El alzao -- |
| -- |
La desgracia. |
| 590 ## - LOCAL NOTE (RLIN) |
| Local note |
Inventariado, 2022/VM |
| 600 14 - SUBJECT ADDED ENTRY--PERSONAL NAME |
| Personal name |
Bosch, Juan, |
| Dates associated with a name |
1909-2001 |
| General subdivision |
Critica e interpretación |
| 650 #4 - SUBJECT ADDED ENTRY--TOPICAL TERM |
| Topical term or geographic name as entry element |
Cuentos dominicanos |
| 650 #4 - SUBJECT ADDED ENTRY--TOPICAL TERM |
| Topical term or geographic name as entry element |
Valores sociales |
| 650 #4 - SUBJECT ADDED ENTRY--TOPICAL TERM |
| Topical term or geographic name as entry element |
Literatura dominicana |
| 700 1# - ADDED ENTRY--PERSONAL NAME |
| Personal name |
Germán, Alejandrina, |
| Relator term |
pról. |
| 910 ## - USER-OPTION DATA (OCLC) |
| User-option data |
VMateo V. |
| 942 ## - ADDED ENTRY ELEMENTS (KOHA) |
| Source of classification or shelving scheme |
Dewey Decimal Classification |
| Koha item type |
Libros |